Inovační scorecard jako prostředek měření inovační výkonnosti u MSP

Prezentácia výsledkov výskumu v oblasti merania výkonnosti inovačného procesu.

Enregistré dans:
Détails bibliographiques
Auteur principal: Bartoš, Vojtěch
Autres auteurs: Žižlavý, Ondřej
Format: Chapitre de livre
Langue:tchèque
Sujets:
Tags: Ajouter un tag
Pas de tags, Soyez le premier à ajouter un tag!

MARC

LEADER 00000naa a2200000 4500
001 0126572
005 20231128110357.6
041 0 |a cze 
044 |a CZ 
245 1 0 |a Inovační scorecard jako prostředek měření inovační výkonnosti u MSP  |c Vojtěch Bartoš, Ondřej Žižlavý 
520 |a Prezentácia výsledkov výskumu v oblasti merania výkonnosti inovačného procesu. 
610 2 0 |a výkonnosť 
610 2 0 |a stratégia inovačná 
610 2 0 |a systémy informačné podnikové 
610 2 0 |a projekty 
610 2 0 |a metóda BSC 
610 2 0 |a výskum ekonomický 
610 2 0 |a Česko 
100 1 |a Bartoš, Vojtěch 
700 1 |a Žižlavý, Ondřej